Canterbury tales /
Saved in:
| Format: | Book |
|---|---|
| Published: |
Baltimore :
J. M. Dent & Sons LTD,
1960.
|
| Edition: | 1a ed. revised |
| LEADER | 00372nam a22001217a 4500 | ||
|---|---|---|---|
| 003 | AR-BeUNQ | ||
| 005 | 20241004191028.0 | ||
| 999 | |c 38960 |d 122760 | ||
| 245 | |a Canterbury tales / |c Geoffrey Chaucer. | ||
| 250 | |a 1a ed. revised | ||
| 260 | |a Baltimore : |b J. M. Dent & Sons LTD, |c 1960. | ||
| 929 | |a DONACION |b Patricia Zalazar |e 20240815 |f PAT0082485 |g 3752 |o PR |l Caja 14 carga mínima | ||
| 942 | |c LIB |n 0 | ||